000 00555nai a2200169Ia 4500
003 IN-BaIIA
008 211028c9999 xx s 000 0 eng d
022 _a0273-1177 (Online)
040 _cIIA Library
245 0 _aAdvances in Space Research
_h[eJournal]
260 _aOxford, U.K
_bPergamon
310 _aSemi-monthly
362 _a15(1); 1995 - Present
521 _bSubscribed through National Knowledge Resource Consortium (NKRC)
856 _uhttps://www.sciencedirect.com/science/journal/02731177
_yClick Here to Access eJournal
942 _cEJ
999 _c33964
_d33964